000
00320nam a2200157Ia 4500
100
_a
Sedra/Adel S/ Smith/K.C
250
_a
5
942
_c
BK
366
_f
20
245
_a
Micro electronic circuits
260
_b
Oxford
_c
2009
082
_a
621.381
_b
SED
300
_a
1171
546
_a
ENGLISH
_c
TTL
999
_c
25636
_d
25636